000 01111cam a22002771 4500
001 hew59000009
003 DLC
005 20260227111509.0
008 751121s1959 dcu f000 0 eng c
010 _ahew59000009
035 _a(OCoLC)1847140
040 _aU.S. Dept. of HEW
_cTxU-Da
_dTJoS-M
_dOCoLC
_dISS
_dOCoLC
_dDLC
050 0 0 _aZ6663.A3
_bU45 1959
082 _a016.301435
086 0 _aFS 1.18:AG 4/959
110 1 _aUnited States.
_bDepartment of Health, Education, and Welfare.
_bLibrary.
245 1 0 _aSelected references on aging;
_ban annotated bibliography.
_cCompiled for the Committee on Aging.
260 _aWashington
_b[U.S. Govt. Print. Off.,
_c1959]
300 _avi, 110 p.
_c24 cm.
500 _aOn cover: White House Conference on Aging edition.
500 _aEarlier editions issued by the Federal Security Agency Library.
650 0 _aOlder people
_vBibliography.
650 0 _aOlder age
_vBibliography.
710 1 _aUnited States.
_bCommittee on Aging.
710 1 _aUnited States.
_bFederal Security Agency.
_bLibrary.
_tSelected references on aging; an annotated bibliography.
999 _c34187
_d34187